| Tag |
First Indicator |
Second Indicator |
Subfields |
| LEADER |
00000cam a2200000 4500 |
| 001 |
in00000035955 |
| 005 |
20151007063554.0 |
| 008 |
750918s1949 ilua b 00010ceng |
| 010 |
|
|
|a 49048021
|
| 035 |
|
|
|a (OCoLC)01633438
|
| 035 |
|
|
|9 AAD7706AM
|
| 040 |
|
|
|a DLC
|c DZM
|d TXA
|d UtOrBLW
|
| 049 |
|
|
|a TXAM
|c 1 [209891]
|c 2 [209892]
|
| 050 |
0 |
0 |
|a PR1149
|b .A65 1949
|
| 082 |
0 |
|
|a 820.82
|
| 092 |
|
|
|a 820.8
|b A546t, 1949
|
| 100 |
1 |
|
|a Anderson, George Kumler,
|d 1901-1980.
|
| 245 |
1 |
0 |
|a This generation ;
|b a selection of British and American literature from 1914 to the present, with historical and critical essays /
|c [by] George K. Anderson [and] Eda Lou Walton.
|
| 250 |
|
|
|a Rev. ed.
|
| 264 |
|
1 |
|a Chicago :
|b Scott, Foresmand,
|c [1949]
|
| 300 |
|
|
|a xv, 1065 pages :
|b illustrations ;
|c 25 cm
|
| 336 |
|
|
|a text
|b txt
|2 rdacontent
|
| 337 |
|
|
|a unmediated
|b n
|2 rdamedia
|
| 338 |
|
|
|a volume
|b nc
|2 rdacarrier
|
| 500 |
|
|
|a Includes biographical sketches of the authors
|
| 650 |
|
0 |
|a English literature
|y 20th century.
|
| 650 |
|
0 |
|a American literature
|y 20th century.
|
| 700 |
1 |
|
|a Walton, Eda Lou.
|
| 999 |
|
|
|a MARS
|
| 999 |
f |
f |
|s 2a27e2ac-c37e-3a62-8da6-d1a3f6cb49e1
|i 2d56d951-96ca-3f2d-874e-9eeb1b18140b
|t 0
|
| 952 |
f |
f |
|p ric
|a Texas A&M University
|b Rellis Campus
|c Joint Library Facility
|s JLF
|d Remote Storage
|t 0
|e PR1149 .A65 1949
|h Library of Congress classification
|i unmediated -- volume
|m A14801267775
|
| 998 |
f |
f |
|a PR1149 .A65 1949
|t 0
|l Remote Storage
|